Darker shades of blue the Rogue Pilot
| Main Author: | |
|---|---|
| Format: | Book |
| Language: | English |
| Published: |
New York
McGraw-Hill
2000
|
| Subjects: |
| LEADER | 00546cam a2200193 a 4500 | ||
|---|---|---|---|
| 001 | 0000051580 | ||
| 005 | 20010412090000.0 | ||
| 040 | |a mod | ||
| 041 | |a eng | ||
| 020 | 0 | 0 | |a 0070348274 |
| 090 | 0 | 0 | |a 629.1352019 |b KER |
| 100 | 1 | 0 | |a Kern |h Tony |
| 245 | 1 | 0 | |a Darker shades of blue |b the Rogue Pilot |c Tony Kern |
| 260 | 0 | 0 | |a New York |b McGraw-Hill |c 2000 |
| 300 | 0 | 0 | |a ix,248p. |b ill. |c 24cm |
| 650 | 0 | 0 | |a Air pilot |x Psychology |
| 650 | 0 | 0 | |a Airplanes |x Piloting |x Human factors |
| 650 | 0 | 0 | |a Self-control |
| 999 | |a 0181722 |b KTU |d BOOKS |e Umum |f KTU |j AVAILABLE |q GOOD CONDITION | ||